Statistics for Capitals by Distance to France

Click here to take the quiz!

General Stats

  • This quiz has been taken 4 times
  • The average score is 66 of 202

Answer Stats

DistanceCapitalCoast/Border% Correct
11kmLuxembourgLuxembourgish Border
100%
0kmMonacoMonacan Border
100%
Paris
100%
12kmAndorra la VellaAndorran Border
75%
50kmBernSwiss Border
75%
59kmBrusselsBelgian Border
75%
625kmAlgiersEast Spanish Border
50%
214kmAmsterdamBelgian Border
50%
475kmApiaWallis
Wallis and Futuna
50%
540kmBerlinGerman Border
50%
660kmBratislavaGerman Border
50%
196kmBridgetownMartinique
50%
815kmBudapestGerman Border
50%
770kmCaracasMartinique
50%
44kmCastriesMartinique
50%
800kmCopenhagenGerman Border
50%
500kmDublinNorthern Coast
50%
695kmFunafutiFutuna
Wallis and Futuna
50%
460kmGeorgetownSurinamese Border
50%
142kmKingstownMartinique
50%
805kmLisbonWest Spanish Border
50%
525kmLjubljanaCorsica
50%
139kmLondonNorthern Coast
50%
347kmMadridWest Spanish Border
50%
220kmMoroniMayotte
50%
810kmNuku'alofaAlofi
Wallis and Futuna
50%
1109kmOsloBelgian Border
50%
116kmParamariboSurinamese Border
50%
208kmPort LouisReunion
50%
420kmPort of SpainMartinique
50%
345kmPort VilaNew Caledonia
50%
465kmPragueGerman Border
50%
950kmPristinaCorsica
50%
1110kmRabatWest Spanish Border
50%
240kmRomeCorsica
50%
52kmRoseauMartinique
50%
275kmSaint George'sMartinique
50%
80kmSaint John'sGuadeloupe
50%
260kmSan MarinoCorsica
50%
715kmSanto DomingoCoast of Saint Martin
50%
730kmSarajevoCorsica
50%
980kmSkopjeCorsica
50%
560kmSuvaFutuna
Wallis and Futuna
50%
860kmTiranaCorsica
50%
1000kmTripoliCorsica
50%
510kmTunisCorsica
50%
154kmVaduzSwiss Border
50%
755kmVallettaCorsica
50%
241kmVatican CityCorsica
50%
603kmViennaGerman Border
50%
970kmWarsawGerman Border
50%
604kmZagrebCorsica
50%
4065kmAbu DhabiGlorioso Islands
FSAL
25%
3590kmAbujaCorsica
25%
4085kmAccraCorsica
25%
2470kmAddis AbabaGlorioso Islands
FSAL
25%
2575kmAmmanCorsica
25%
1960kmAnkaraCorsica
25%
545kmAntananarivoJuan de Nova
FSAL
25%
4114kmAshgabatCorsica
25%
3125kmAsmaraGlorioso Islands
FSAL
25%
4380kmAstanaGerman Border
25%
3065kmAsunciónBrazilian Border
25%
1285kmAthensCorsica
25%
3190kmBaghdadCorsica
25%
3335kmBakuCorsica
25%
3427kmBamakoWest Spanish Border
25%
5970kmBandar Seri
Begawan
New Caledonia
25%
6030kmBangkokTromelin
FSAL
25%
3480kmBanguiMayotte
25%
3595kmBanjulWest Spanish Border
25%
64kmBasseterreSaint Barthélemy
25%
7880kmBeijingGerman Border
25%
2435kmBeirutCorsica
25%
900kmBelgradeCorsica
25%
2334kmBelmopanClipperton Island
25%
5015kmBishkekGerman Border
25%
3725kmBissauWest Spanish Border
25%
1595kmBloemfonteinBassas da India
FSAL
25%
1790kmBogotaMartinique
25%
2074kmBrasiliaBrazilian Border
25%
3250kmBrazzavilleBassas da India
FSAL
25%
1345kmBucharestCorsica
25%
4110kmBuenos AiresBrazilian Border
25%
2335kmCairoCorsica
25%
2180kmCanberraNew Caledonia
25%
2490kmCape TownEuropa
FSAL
25%
1545kmChișinăuGerman Border
25%
3765kmColomboTromelin
FSAL
25%
3905kmConakryWest Spanish Border
25%
3500kmDakarWest Spanish Border
25%
2520kmDamascusCorsica
25%
5880kmDhakaTromelin
FSAL
25%
4260kmDiliNew Caledonia
25%
2610kmDjiboutiGlorioso Islands
FSAL
25%
1245kmDodomaMayotte
25%
4113kmDohaGlorioso Islands
FSAL
25%
4860kmDushanbeGerman Border
25%
4005kmFreetownWest Spanish Border
25%
1445kmGaboroneBassas da India
FSAL
25%
1950kmGitegaMayotte
25%
2080kmGuatemala CityClipperton Island
25%
6935kmHanoiTromelin
FSAL
25%
985kmHarareBassas da India
FSAL
25%
2077kmHavanaCoast of Saint Martin
25%
1635kmHelsinkiGerman Border
25%
1185kmHoniaraNew Caledonia
25%
5487kmIslamabadGerman Border
25%
4585kmJakartaAmsterdam Island
FSAL
25%
2530kmJerusalemCorsica
25%
2445kmJubaMayotte
25%
5150kmKabulCorsica
25%
1989kmKamapalaMayotte
25%
5870kmKathmanduTromelin
FSAL
25%
3424kmKhartoumMayotte
25%
2030kmKigaliMayotte
25%
1438kmKingstonCoast of Saint Martin
25%
3240kmKinshasaBassas da India
FSAL
25%
5185kmKuala LumpurAmsterdam Island
FSAL
25%
3710kmKuwait CityCorsica
25%
1605kmKyivGerman Border
25%
2565kmLa PazBrazilian Border
(Disputed with Suriname)
25%
4080kmLibrevilleBassas da India
FSAL
25%
1015kmLilongweJuan de Nova
FSAL
25%
2950kmLimaBrazilian Border
25%
1019kmLobambaBassas da India
FSAL
25%
3995kmLoméCorsica
25%
3155kmLuandaBassas da India
FSAL
25%
1370kmLusakaBassas da India
FSAL
25%
2650kmMajuroFutuna
Wallis and Futuna
25%
4176kmMalaboCorsica
25%
3055kmMaléTromelin
FSAL
25%
2505kmManaguaClipperton Island
25%
4123kmManamaCorsica
25%
6005kmManilaNew Caledonia
25%
875kmMaputoBassas da India
FSAL
25%
1500kmMaseruEuropa
FSAL
25%
1018kmMbabaneBassas da India
FSAL
25%
1480kmMexico CityClipperton Island
25%
1440kmMinskGerman Border
25%
1525kmMogadishuGlorioso Islands
FSAL
25%
4175kmMonroviaWest Spanish Border
25%
4120kmMontevideoBrazilian Border
25%
2115kmMoscowGerman Border
25%
4078kmMuscatGlorioso Islands
FSAL
25%
1550kmNairboiMayotte
25%
1660kmNassauCoast of Saint Martin
25%
6025kmNaypyidawTromelin
FSAL
25%
3295kmN'DjamenaCorsica
25%
5515kmNew DelhiGlorioso Islands
FSAL
25%
4365kmNgerulmudNew Caldedonia
25%
3170kmNiameyCorsica
25%
2195kmNicosiaCorsica
25%
3090kmNouakchottWest Spanish Border
25%
1490kmOttawaMiquelon
Saint Pierre and Miquelon
25%
3350kmOuagadougouEast Spanish Border
25%
3000kmPalikirNew Caledonia
25%
2035kmPanama CityCoast of Saint Martin
25%
6180kmPhnom PenhAmsterdam Island
FSAL
25%
795kmPodgoricaCorsica
25%
965kmPort-au-PrinceCoastal
25%
2085kmPort MoresbyNew Caledonia
25%
3930kmPorto-NovoCorsica
25%
3296kmPraiaCoast of French Guiana
25%
1260kmPretoriaBassas da India
FSAL
25%
5160kmPutrajayaAmsterdam Island
FSAL
25%
7605kmPyongyangNew Caledonia
25%
2510kmQuitoMartinique
25%
1991kmReykjavikNorthern Coast
25%
1385kmRigaGerman Border
25%
3900kmRiyadhCorsica
25%
3005kmSana'aGlorioso Islands
FSAL
25%
2430kmSan JoséCoast of Saint Martin
25%
2205kmSan SalvadorClipperton Island
25%
4310kmSantiagoBrazilian Border
(Disputed with Suriname)
25%
4315kmSão ToméBassas da India
FSAL
25%
7410kmSeoulNew Caledonia
25%
5120kmSingaporeAmsterdam Island
FSAL
25%
1125kmSofiaCorsica
25%
1985kmSouth TarawaFutuna
Wallis and Futuna
25%
3770kmSri
Jayewardenepura
Kotte
Tromelin
FSAL
25%
1315kmStockholmGerman Border
25%
2640kmSucreBrazilian
(Disputed with Suriname)
25%
6720kmTaipeiNew Caledonia
25%
1575kmTallinnGerman Border
25%
4730kmTaskentGerman Border
25%
2885kmTbilisiCorsica
25%
2425kmTegucigalpaClipperton Island
25%
3650kmTehranCorsica
25%
6125kmThimphuTromelin
FSAL
25%
6630kmTokyoNew Caledonia
25%
6715kmUlaanbaatarGerman Border
25%
1175kmVictoriaGlorioso Islands
FSAL
25%
6470kmVientianeTromelin
FSAL
25%
1330kmVilniusGerman Border
25%
1890kmWashingtonMiquelon
Saint Pierre and Miquelon
25%
2116kmWellingtonNew Caledonia
(Disputed by Vanuatu)
25%
2325kmWindhoekBassas da India
FSAL
25%
4015kmYamoussoukroEast Spanish Border
25%
4130kmYaoundeMayotte
25%
2140kmYarenNew Caledonia
25%
2910kmYerevanCorsica
25%

Score Distribution

Percentile by Number Answered

Percent of People with Each Score

Your Score History

You have not taken this quiz